| 000 | 00515nam a2200181 i 4500 | ||
|---|---|---|---|
| 001 | 39057 | ||
| 003 | ES-MaACL | ||
| 005 | 20230906155901.0 | ||
| 007 | t| | ||
| 008 | 030227s1978 sp ||||1| spa d | ||
| 245 | 0 | 4 | _aLas campañas electorales y sus técnicas. |
| 260 |
_a[Madrid : _bs.n., _c1978] ( _fGráf. Zagor) |
||
| 300 |
_a187 p. ; _c27 cm. |
||
| 595 | _aN. especial de IPMARK, 1978. | ||
| 650 | 4 |
_aCampañas electorales. _9171204 |
|
| 650 | 4 |
_aSociología electoral. _9168382 |
|
| 852 |
_aES-MaACL _jA-9411 |
||
| 999 |
_c39057 _d39057 |
||